| 000 | 00827nam a2200241Ia 4500 | ||
|---|---|---|---|
| 003 | GCL | ||
| 005 | 20240530110328.0 | ||
| 008 | 140319s9999 xx 000 0 ara d | ||
| 020 | _a1051509977 | ||
| 040 |
_aGCL / _cGCL |
||
| 082 | 0 | 4 |
_a956.90303 _bم/ع م |
| 100 | 1 | _aعبدالوهاب المسيرى | |
| 240 | _aموسوعة المسيرى | ||
| 245 | 1 | 0 |
_aموسوعة اليهود واليهودية والصهيونية : _bنموذج تفسيرى جديد / _cعبدالوهاب المسيرى |
| 250 | _aط1 | ||
| 260 |
_aالقاهرة : _bدار الشروق ، _c1999 |
||
| 300 |
_a8 مج ؛ _c28 سم |
||
| 650 | 0 | 4 | _aدوائر المعارف |
| 650 | 0 | 4 | _aاليهود - تاريخ |
| 650 | 0 | 4 | _aالصهيونية - موسوعات |
| 650 | 0 | 4 | _aاليهودية - موسوعات |
| 942 |
_2ddc _cREF |
||
| 999 |
_c59713 _d59713 |
||